La T.V. pública i privada i noves tecnologies : selecció d' informacions sobres aquests temes, 1980-1981 : dossier publicat amb motiu de les 1res. jornades de comunicació social, sobre el present i el futur de la T.V. ... selecció d' informacions sobres aquests temes, 1980-1981 :
Descripción Física:
[150] f. ; 30 cm
Colección:
Comunicació ; 18
MARC
| LEADER | 00000nam a2200000Ia 4500 | ||
|---|---|---|---|
| 001 | 8858 | ||
| 008 | 160829s1981 xx 000 0 cat d | ||
| 080 | |a C-1-556 | ||
| 245 | |a La T.V. pública i privada i noves tecnologies : |b selecció d' informacions sobres aquests temes, 1980-1981 : |b dossier publicat amb motiu de les 1res. jornades de comunicació social, sobre el present i el futur de la T.V. ... | ||
| 260 | |a Barcelona : |b Diputació de Barcelona. Servei de Premsa, Informació i Edicions, |c 1981 | ||
| 300 | |a [150] f. ; |c 30 cm | ||
| 490 | |a Comunicació ; 18 | ||
| 650 | |a Televisió |x Catalunya |x Reculls de premsa |9 19810 | ||
| 710 | 1 | |a Barcelona (Catalunya : Província). |b Servei de Premsa, Informació i Edicions |9 54968 | |
| 901 | |a Arxiu | ||
| 942 | |n 1 | ||
| 952 | |0 0 |1 0 |4 0 |6 C1556 |7 1 |9 41327 |a Arxiu |b Arxiu |d 2016-12-01 |l 0 |o C-1-556 |p 8858 |r 2016-12-01 00:00:00 |w 2016-12-01 |y ARXIU | ||
| 999 | |c 43135 |d 43135 | ||